000 00984nam a22002537a 4500
003 OSt
005 20211202082158.0
008 210311s1996 sp a|||br|||| 00| 0 spa d
020 _a8423643166
040 _aCO-JMCR
_cCO-JMCR
041 0 _aspa
082 0 4 _aC /
_bCASm
_223
100 1 _aCastillo, Fidel del,
_eautor
_935961
245 1 3 _aLa mágica historia del Ratoncito Pérez /
_cFidel del Castillo; ilustraciones, Mabel Piérola
250 _a8ª edición
260 _aBarcelona :
_bEdebé,
_c1996
300 _a[30] páginas :
_bilustraciones a color ;
_c19 cm.
490 _aTren azul
520 _aSeguro que conoces al Ratoncito Pérez, pero...¿a que no sabes que hace con todos los dientes que recoge? En este cuento descubrirás que sirve para protegernos de todas las brujas malas del mundo.
650 1 4 _aLiteratura infantil
_935962
650 2 4 _aRatón en la literatura
_935963
700 1 _aPiérola, Mabel,
_eilustradora
_935964
942 _2ddc
_cBK
999 _c15341
_d15341